| 000 | 00483pab a2200181 454500 | ||
|---|---|---|---|
| 008 | 180718b1997 xxu||||| |||| 00| 0 eng d | ||
| 100 | _aHerting, Jerald R. | ||
| 245 | _aThe social geography of inter-state mobility and persistence | ||
| 260 | _c1997 | ||
| 300 | _ap.267-87 | ||
| 362 | _aApr | ||
| 650 | _aSocial mobility | ||
| 650 | _aMigration | ||
| 700 | _aRompacy, Stephen E. Van | ||
| 700 | _aGrusky, David B. | ||
| 773 | _aAmerican Sociological Review | ||
| 909 | _a34596 | ||
| 999 |
_c34596 _d34596 |
||